Language Quiz

Random Language or Spanish Quiz
Score 0/216 Timer 20:00
0 Plays Today
Hint Answer % Correct

hablar
hable
97.3%

hablar
hable
97.3%
❂ REGULAR VERBS ❂
comer
coma
93%
❂ REGULAR VERBS ❂
comer
coma
93%

hablar
hables
92.8%

hablar
hablemos
92.1%

vivir
viva
91.9%

vivir
viva
91.9%

hablar
hablen
91.8%
❂ REGULAR VERBS ❂
comer
comas
90.3%
❂ REGULAR VERBS ❂
comer
comamos
90%
❂ REGULAR VERBS ❂
comer
coman
89.9%

vivir
vivamos
89.2%

vivir
vivas
89.1%

vivir
vivan
88.9%

llegar
llegue
88.6%

llegar
llegue
88.6%

llegar
llegues
85.5%

llegar
lleguen
85.1%

llegar
lleguemos
84.9%

hablar
habléis
83.5%

sacar
saque
83.3%

sacar
saque
83.3%
❂ REGULAR VERBS ❂
comer
comáis
81.6%
❂ -CER, -CIR AFTER VOWEL ❂
conocer
conozca
81.1%
❂ -CER, -CIR AFTER VOWEL ❂
conocer
conozca
81.1%

vivir
viváis
80.8%

sacar
saques
80.6%

sacar
saquen
80.3%

sacar
saquemos
80.2%
❂ -CER, -CIR AFTER VOWEL ❂
conocer
conozcas
77.7%
❂ -GAR, -ZAR and -CAR ❂
alzar
alce
77.6%
❂ -GAR, -ZAR and -CAR ❂
alzar
alce
77.6%
❂ -CER, -CIR AFTER VOWEL ❂
conocer
conozcan
77.3%
❂ -CER, -CIR AFTER VOWEL ❂
conocer
conozcamos
77%

llegar
lleguéis
76.3%
❂ -GAR, -ZAR and -CAR ❂
alzar
alces
75.4%
❂ -GAR, -ZAR and -CAR ❂
alzar
alcemos
75.4%
❂ -GAR, -ZAR and -CAR ❂
alzar
alcen
75.1%

dormir
duerma
73.2%

dormir
duerma
73.2%

sacar
saquéis
72.4%
tenertenga
71.4%
tenertenga
71.4%

hacer
haga
71.1%

hacer
haga
71.1%

dar
70.6%

dar
70.6%
salirsalga
70.5%
salirsalga
70.5%

poner
ponga
70.4%

poner
ponga
70.4%

dormir
duermas
70.3%
❂ IRREGULAR VERBS ❂
estar
esté
70.2%
❂ IRREGULAR VERBS ❂
estar
esté
70.2%
❂ -CER, -CIR AFTER VOWEL ❂
conocer
conozcáis
70.1%
❂ -AER ❂
traer
traiga
69.2%
❂ -AER ❂
traer
traiga
69.2%
❂ -GAR, -ZAR and -CAR ❂
alzar
alcéis
69.1%

dormir
duerman
69%
irvaya
68.7%
irvaya
68.7%
tenertengamos
68.4%
sersea
68.3%
sersea
68.3%
tenertengas
68.3%

hacer
hagas
68.2%

hacer
hagan
68.1%
tenertengan
67.9%

dar
des
67.9%
❂ IRREGULAR VERBS ❂
estar
estemos
67.8%

dar
demos
67.7%
Hint Answer % Correct

hacer
hagamos
67.7%
❂ IRREGULAR VERBS ❂
estar
estés
67.7%

contar
cuente
67.5%

contar
cuente
67.5%

poner
pongas
67.5%
❂ IRREGULAR VERBS ❂
estar
estén
67.4%
salirsalgamos
67.4%

poner
pongamos
67.3%

dar
den
67.2%
salirsalgas
67.2%
entenderentienda
67.1%
entenderentienda
67.1%

poner
pongan
67.1%
salirsalgan
66.9%
❂ -AER ❂
traer
traigas
66.2%
❂ -AER ❂
traer
traigan
66.2%
❂ -AER ❂
traer
traigamos
66.1%
serseas
65.9%
irvayas
65.6%
❂ -AR, -ER STEM CHANGERS ❂
mover
mueva
65.6%
❂ -AR, -ER STEM CHANGERS ❂
mover
mueva
65.6%
sersean
65.6%
serseamos
65.5%
irvayamos
65.4%
irvayan
65.3%

pedir
pida
65.2%

pedir
pida
65.2%

contar
cuentes
65%
❂ -IR STEM CHANGERS ❂
mentir
mienta
64.9%
❂ -IR STEM CHANGERS ❂
mentir
mienta
64.9%
entenderentiendas
64.5%

contar
cuenten
64.3%
cerrarcierre
64.1%
cerrarcierre
64.1%
entenderentiendan
64%
sabersepa
63.2%
sabersepa
63.2%
❂ -AR, -ER STEM CHANGERS ❂
mover
muevas
63%

almorzar
almuerce
63%

almorzar
almuerce
63%

pedir
pidas
62.9%

contar
contemos
62.6%
❂ -AR, -ER STEM CHANGERS ❂
mover
muevan
62.6%
❂ -IR STEM CHANGERS ❂
mentir
mientas
62.6%

pedir
pidan
62.4%
tenertengáis
62.3%
vervea
62.3%
vervea
62.3%
entenderentendamos
62%
❂ IRREGULAR VERBS ❂
estar
estéis
61.7%

hacer
hagáis
61.7%

haber
haya
61.7%

haber
haya
61.7%
cerrarcierres
61.6%

pedir
pidamos
61.5%

dar
deis
61.5%
❂ IRREGULAR YO-FORMS ❂
oír
oiga
61.5%
❂ IRREGULAR YO-FORMS ❂
oír
oiga
61.5%
salirsalgáis
61.5%

poner
pongáis
61.5%
❂ -GER, -GIR ❂
coger
coja
61.4%
❂ -GER, -GIR ❂
coger
coja
61.4%
❂ -IR STEM CHANGERS ❂
mentir
mientan
61.4%
❂ -AR, -ER STEM CHANGERS ❂
mover
movamos
61.2%
sabersepas
61.2%
cerrarcierren
61.1%
sabersepamos
60.9%
sabersepan
60.9%
lucirluzca
60.8%
lucirluzca
60.8%
❂ -AER ❂
traer
traigáis
60.4%

almorzar
almuerces
60.3%
Hint Answer % Correct
verveas
60%
cerrarcerremos
59.9%
vervean
59.9%
verveamos
59.8%

almorzar
almuercen
59.6%
serseáis
59.6%
❂ -GER, -GIR ❂
coger
cojamos
59.6%
❂ -GER, -GIR ❂
coger
cojas
59.6%
❂ -GER, -GIR ❂
coger
cojan
59.6%
irvayáis
59.3%
❂ IRREGULAR YO-FORMS ❂
oír
oigas
59.2%

haber
hayas
59.1%
lucirluzcas
59%
❂ IRREGULAR YO-FORMS ❂
oír
oigan
58.9%

haber
hayan
58.8%
lucirluzcan
58.7%
❂ IRREGULAR YO-FORMS ❂
oír
oigamos
58.7%

haber
hayamos
58.7%
lucirluzcamos
58.6%
❂ -CER, -CIR AFTER CONSONANT ❂
vencer
venza
58.1%
❂ -CER, -CIR AFTER CONSONANT ❂
vencer
venza
58.1%

contar
contéis
58.1%
entenderentendáis
57.4%
exigirexija
56.9%
exigirexija
56.9%
❂ -AR, -ER STEM CHANGERS ❂
mover
mováis
56.8%

pedir
pidáis
56.6%
❂ -CER, -CIR AFTER CONSONANT ❂
vencer
venzas
56.3%

almorzar
almorcemos
56.3%
❂ -CER, -CIR AFTER CONSONANT ❂
vencer
venzamos
56.2%
❂ -CER, -CIR AFTER CONSONANT ❂
vencer
venzan
56.1%
❂ -GER, -GIR ❂
coger
cojáis
56%
sabersepáis
55.8%
cerrarcerréis
55.6%
verveáis
55.4%
lucirluzcáis
55.2%
exigirexijas
55.2%
exigirexijamos
55.1%
exigirexijan
55%

dormir
durmamos
54.3%
❂ IRREGULAR YO-FORMS ❂
oír
oigáis
54.3%
❂ -UIR ❂
huir
huya
54.1%
❂ -UIR ❂
huir
huya
54.1%
negarniegue
54%
negarniegue
54%

haber
hayáis
53.7%
❂ -CER, -CIR AFTER CONSONANT ❂
vencer
venzáis
53.1%
❂ -UIR ❂
huir
huyamos
52.6%
❂ -UIR ❂
huir
huyas
52.6%
❂ -UIR ❂
huir
huyan
52.6%

almorzar
almorcéis
52.5%
exigirexijáis
52.2%
negarniegues
52.2%
negarnieguen
51.7%
esparciresparza
51.5%
esparciresparza
51.5%
❂ -GUIR ❂
distinguir
distinga
51%
❂ -GUIR ❂
distinguir
distinga
51%
❂ -IR STEM CHANGERS ❂
mentir
mintamos
50.7%

dormir
durmáis
50.4%
negarneguemos
50.1%
❂ -UIR ❂
huir
huyáis
49.9%
esparciresparzas
49.8%
esparciresparzamos
49.6%
esparciresparzan
49.4%
❂ -GUIR ❂
distinguir
distingas
49.3%
❂ -GUIR ❂
distinguir
distingamos
49.3%
❂ -GUIR ❂
distinguir
distingan
49.2%
❂ -IR STEM CHANGERS ❂
mentir
mintáis
47.9%
negarneguéis
47.2%
❂ -GUIR ❂
distinguir
distingáis
46.9%
esparciresperzáis
46.8%
Remove Ads.
Support Sporcle.
Get the best of Sporcle when you Go Orange. This ad-free experience offers more features, more stats, and more fun while also helping to support Sporcle. Thank you for becoming a member.

You're not logged in!

Compare scores with friends on all Sporcle quizzes.
OR
Log In

Show Comments

Extras

Top Quizzes Today


Score Distribution

Your Account Isn't Verified!

In order to create a playlist on Sporcle, you need to verify the email address you used during registration. Go to your Sporcle Settings to finish the process.

Report this User

Report this user for behavior that violates our Community Guidelines.

Details: